[Event "CCCSA Spring GM Invitational 2019"]
[Site "Charlotte"]
[Date "2018.02.24"]
[Round "6"]
[White "Banik, Siddharth"]
[Black "Martin Del Campo C., Roberto"]
[Result "1/2-1/2"]
[WhiteElo "2341"]
[BlackElo "2298"]
[Annotator "TA"]
[PlyCount "27"]
[EventDate "2019.03.20"]
[EventType "tourn"]
[EventCountry "USA"]
[SourceTitle "playchess.com"]
[Source "ChessBase"]
[SourceQuality "1"]

{[%evp 9,27,44,48,39,64,50,44,22,81,17,36,-18,27,12,33,0,20,-24,-26,-33]} 1. e4 c5 2. Nf3 Nc6 3. d4 cxd4 4. Nxd4 Qb6 5. Nb3 e6 6. Nc3 {B32: Sicilian: Löwenthal and Kalashnikov Variations} (6. c4 Nf6 7. Bd3 Bb4+ 8. Bd2 Ne5 9. Bxb4 Qxb4+ 10. Nc3 Nxc4 11. a3 Nxa3 12. Rxa3 O-O 13. O-O d6 {½-½ (55) Karjakin,S (2783)-Nepomniachtchi,I (2751) chess.com INT 2017}) 6... a6 7. Qe2 (7. Bf4 {is interesting.} Nf6 8. a3 d5 9. exd5 Nxd5 10. Nxd5 exd5 11. Qxd5 Be7 12. Qe4) 7... Qc7 8. f4 {White is slightly better.} d6 $146 (8... b5 $11 {remains equal.}) ({Predecessor:} 8... b5 9. g4 d6 10. Be3 Nf6 11. g5 Nd7 12. Bg2 b4 13. Nd1 a5 {0-1 (37) Anka,E (2382)-Priyadharshan,K (2425) ICC INT 2013}) 9. g3 (9. g4 $16) 9... b5 $11 {[%cal Bb7b5,Bb5b4][%mdl 32]} 10. Bg2 (10. Be3 $14) 10... Bb7 (10... b4 $5 {[%cal Rb4c3]} 11. Na4 Nf6 $14) 11. O-O Nf6 12. Bd2 Be7 13. Rae1 b4 14. Na4 {Accuracy: White =  3%, Black = 47%.} 1/2-1/2

[Event "CCCSA Spring GM Invitational 2019"]
[Site "Charlotte"]
[Date "2019.03.24"]
[Round "6"]
[White "Jacobson, Aaron"]
[Black "Adamson, Robby"]
[Result "0-1"]
[WhiteElo "2318"]
[BlackElo "2216"]
[Annotator "TA"]
[PlyCount "164"]
[EventDate "2019.03.20"]
[EventType "tourn"]
[EventCountry "USA"]
[SourceTitle "playchess.com"]
[Source "ChessBase"]
[SourceQuality "1"]

{[%evp 9,164,29,28,0,0,0,0,0,0,-13,-14,-12,0,0,9,12,11,0,13,10,22,0,0,-8,0,-30,0,0,0,16,0,2,49,0,0,0,15,11,10,10,13,6,18,12,33,12,48,24,23,10,10,6,8,2,10,16,22,-7,0,-7,-11,-12,-12,-12,-12,-12,-12,-18,0,-56,-25,-76,-75,-118,-118,-143,-123,-138,0,-133,-125,-128,-115,-133,-124,-420,-395,-359,-204,-328,-310,-435,-414,-400,-368,-390,-374,-335,-183,-470,-460,-484,-440,-481,-210,-477,-460,-703,-695,-762,-598,-648,-569,-544,-527,-543,-535,-1177,-1074,-872,-813,-4362,-2627,-2060,-2100,-1529,-1316,-1547,-1529,-6445,-6402,-5434,-4618,-29980,-29981,-29981,-29982,-29982,-29983,-29979,-29980,-29977,-29975,-29988,-29985,-29986,0,-29988,-29989,-29989,-29989,-29989,-29990,-29992,-29993,-29997,-29998]} 1. d4 Nf6 2. c4 e6 3. Nf3 d5 4. Bg5 h6 5. Bxf6 Qxf6 6. Nbd2 {D30: Queen's Gambit Declined: Systems without Nc3} Be7 7. e3 O-O 8. Qc2 {The position is equal.} c5 9. dxc5 Nd7 10. cxd5 {[#] Threatens to win with d6.} exd5 11. Nb3 a5 12. Bd3 $146 ({Predecessor:} 12. a4 b6 13. c6 Bb4+ {1-0 (27) Andreikin,D (2709)-Topalov,V (2785) Khanty-Mansiysk 2014}) 12... a4 13. Nbd4 Nxc5 14. O-O b6 15. Rfb1 g6 16. Bf1 Bb7 17. g3 Rac8 18. Bh3 Rcd8 19. b4 axb3 20. axb3 Bc8 21. Bg2 Bd7 22. Nd2 Qd6 23. b4 Ne6 {[%cal Bc5e6,Be6g7,Bg7f5][%mdl 32] Strongly threatening ...Nxd4.} 24. N2f3 Bf6 25. Qd3 Ng7 26. Ra7 Nf5 27. Nb5 Qc6 28. Nfd4 Qc4 29. Bf1 {Black must now prevent Qd1.} Nxd4 30. Nxd4 Bxd4 31. exd4 Qxd3 32. Bxd3 Bh3 33. Rb7 Rb8 34. Rxb8 Rxb8 $11 {[%mdl 4096] Endgame KRB-KRB} 35. f3 Ra8 36. Rb2 Ra3 37. Be2 Bf5 38. Kf2 Bd3 39. Bd1 (39. Rd2 $11 Bxe2 40. Rxe2) 39... Bc4 40. Bc2 (40. b5 $11) 40... Kf8 41. f4 Ke7 42. h4 Kf6 43. Bb1 Ke7 44. Bc2 $1 Kd6 45. Bb1 Kc6 46. Bc2 Kb5 47. h5 $2 {[%mdl 8192]} (47. Bd1 $17) 47... gxh5 $19 48. Bf5 Bb3 (48... Rb3 $142 49. Rd2 Kxb4) 49. Rb1 (49. Bc2 {might work better.} Kc4 50. Bxb3+ Rxb3 51. Re2) 49... Kxb4 50. Rh1 (50. Bd7 $142) 50... b5 51. Rxh5 Ra6 52. Bd7 Rd6 53. Be8 Rf6 (53... Kc4 $142 {And now ...b4 would win.} 54. Ke3 b4) 54. f5 $2 (54. Rh1 {keeps fighting.}) 54... Bd1 55. Rh1 Rxf5+ 56. Ke3 Rf3+ 57. Kd2 Bb3 58. Rxh6 (58. Ke2 $142 Rxg3 59. Kd2) 58... Bc4 59. Rh2 f6 60. g4 Kb3 61. Bg6 Rf4 62. Bc2+ Kb4 63. Rh6 Rxd4+ 64. Kc1 Rxg4 65. Rxf6 Rg1+ 66. Kb2 Rg2 {[#] Hoping for ...Bd3.} 67. Rf4 Kc5 68. Kc1 Rg3 69. Kb2 b4 {[%cal Bb5b4,Bb4b3][%mdl 32]} 70. Rf2 Re3 71. Rf8 Re2 72. Kc1 b3 73. Bg6 Rg2 74. Bh7 Rh2 75. Bg6 Kb4 76. Re8 Rg2 77. Bh7 Rh2 78. Bg6 d4 {Black mates.} 79. Kd1 Kc3 80. Ke1 d3 81. Bxd3 Bxd3 82. Re2 Rxe2+ {Accuracy: White = 40%, Black = 63%.} 0-1

[Event "CCCSA Spring GM Invitational 2019"]
[Site "Charlotte"]
[Date "2018.02.24"]
[Round "6"]
[White "Mishra, Abhimanyu"]
[Black "Ezra Paul Chambers"]
[Result "1-0"]
[WhiteElo "2232"]
[BlackElo "2334"]
[Annotator "TA"]
[PlyCount "67"]
[EventDate "2019.03.20"]
[EventType "tourn"]
[EventCountry "USA"]
[SourceTitle "playchess.com"]
[Source "ChessBase"]
[SourceQuality "1"]

{[%evp 15,67,24,31,11,25,18,23,26,16,18,62,70,66,52,56,79,62,52,75,85,89,77,80,54,104,102,147,153,163,163,156,123,139,133,208,202,450,141,142,125,133,120,136,136,229,120,809,812,29985,1554,29986,1523,1397,1303]} 1. e4 c5 2. Nf3 d6 3. d4 cxd4 4. Nxd4 Nf6 5. Nc3 a6 6. h3 e6 7. g4 h6 8. Bg2 Qc7 9. Qe2 {B81: Sicilian Scheveningen: Keres Attack} Nc6 10. Be3 Nxd4 11. Bxd4 {White has an edge.} e5 12. Be3 Be6 13. O-O-O Rc8 14. Kb1 Be7 15. f4 exf4 16. Bxf4 {[#]} Nd7 $146 ({Predecessor:} 16... O-O) 17. Nd5 $36 {[%mdl 2048] White is really pushing.} Bxd5 18. exd5 Kf8 19. Be4 Re8 20. Qh2 $1 Ne5 21. Bxe5 $1 dxe5 22. Rhf1 Bd6 23. Qe2 Kg8 24. h4 h5 (24... Qe7 $16 {might work better.}) 25. g5 $18 g6 $2 (25... Rf8 26. Qd3 b5) 26. Rf6 $2 (26. Qd3 $1 $18 {is the precise move to win.}) 26... Rh7 $16 27. Qd3 {aiming for Bxg6!} Rg7 28. Rdf1 Re7 29. a3 Rd7 {[#]} (29... Re8 $16 30. Qf3 Rf8 31. Bxg6 {[%mdl 64] Remove Defender} Rxg6) 30. Bg2 (30. Bxg6 $1 $18 fxg6 31. Rxg6) 30... Be7 $2 {[%mdl 8192] [#]} (30... Rd8 $16 31. Qf3 Qd7) 31. Rxf7 $1 $18 {[%mdl 512]} Bd8 (31... Rxf7 32. Qxg6+) 32. Rf8+ Kh7 33. Bh3 (33. Be4 $142 Rdf7 {[#]} 34. Bxg6+ $1 {[%mdl 576] Deflection, Back Rank} Rxg6 35. R1xf7+ Qxf7 36. Rxf7+ Kh8 37. Qxg6 b6 38. Qh7#) 33... Rd6 34. Be6 {Accuracy: White = 45%, Black = 45%.} 1-0

[Event "CCCSA Spring GM Invitational 2019"]
[Site "Charlotte"]
[Date "2019.03.24"]
[Round "6"]
[White "Francisco, Richard"]
[Black "Arjun, Vishnuvardhan"]
[Result "1/2-1/2"]
[WhiteElo "2231"]
[BlackElo "2262"]
[Annotator "TA"]
[PlyCount "79"]
[EventDate "2019.03.20"]
[EventType "tourn"]
[EventCountry "USA"]
[SourceTitle "playchess.com"]
[Source "ChessBase"]
[SourceQuality "1"]

{[%evp 19,79,-29,31,31,37,35,43,39,160,168,147,109,119,142,253,122,120,120,100,122,128,97,100,104,145,87,131,130,125,127,112,97,101,98,117,10,9,9,9,0,91,92,106,33,88,66,95,8,8,0,110,0,0,0,0,0,0,0,0,0,0,0]} 1. e4 c5 2. Nf3 d6 3. d4 cxd4 4. Nxd4 Nf6 5. Nc3 a6 6. Bg5 e6 7. f4 Qc7 8. Bxf6 gxf6 9. Qf3 b5 10. e5 Bb7 (10... d5 $1 $11) 11. Qh5 $14 {Black must now prevent 0-0-0. B96: Sicilian Najdorf: 6 Bg5 e6 7 f4, lines other than 7...Qb6 and 7...Be7} dxe5 12. Nxe6 $1 Qb6 $1 {[%cal Rb6e6]} 13. Nxf8 {White is slightly better.} Rxf8 (13... Qe3+ $14 14. Qe2 Qxf4) (13... Qe3+ 14. Qe2 Qxf4 15. Nxh7 Rxh7 16. g3 Qc4 17. Qf2 Qc6 18. Rg1 Qf3 19. Qxf3 Bxf3 {½-½ (48) Ruch,E (2499)-Dothan,Y (2501) ICCF email 2001}) 14. O-O-O $16 ({Much weaker is} 14. fxe5 $6 Qe3+ 15. Qe2 Qxe5 $14) 14... Nd7 15. fxe5 $146 ({Much worse is} 15. Qxh7 $6 O-O-O $11) ({Predecessor:} 15. Be2 Bxg2 16. Bg4 Qe3+ 17. Kb1 Rd8 18. Rhg1 b4 19. fxe5 Nxe5 {0-1 (41) Stilling,W (2335)-Engelhardt,G (2360) ICCF corr 1995}) 15... Nxe5 16. Kb1 Rc8 (16... Rh8 $16 {keeps fighting.}) 17. Qh4 ({Don't play} 17. Qxh7 $6 Rd8 $16) (17. Bd3 $18) 17... b4 18. Nd5 Bxd5 19. Rxd5 Rd8 20. Bc4 Rxd5 21. Bxd5 Ke7 22. Qxh7 (22. Re1 $142 {And now Rxe5+ would win.} Qd6 23. Bc4) 22... Qd4 23. Qe4 Qd2 24. Bb3 {Qb7+ is the strong threat.} Rd8 {( -> ...Qd1+!)} 25. a3 bxa3 26. bxa3 a5 27. a4 (27. Rf1 $16) 27... Rd4 $11 28. Qb7+ Kf8 29. Rf1 Kg7 {[#]} (29... Qc3 $11) 30. Qb6 $1 $16 {[%cal Rb6f6]} Rd6 {[#]} 31. Qf2 (31. Qc5 $1 $16) 31... Qb4 (31... Qc3 $14) 32. Qg3+ Kf8 33. Qf4 (33. Qh3 $16) 33... Qc3 $1 $11 34. Ka2 Rb6 (34... Rd2 $1 $11 {keeps the balance.}) 35. h4 ({Better is} 35. Qh6+ $16 Ke7 36. Qc1) 35... Rxb3 $1 {[%mdl 64] Remove Defender. The position is equal.} 36. cxb3 Qc2+ 37. Ka1 {Hoping for Qh6+.} Qc3+ 38. Ka2 Qc2+ 39. Ka1 {aiming for Qh6+.} Qc3+ 40. Ka2 {Accuracy: White = 47%, Black = 66%.} 1/2-1/2

[Event "CCCSA Spring GM Invitational 2019"]
[Site "Charlotte"]
[Date "2018.02.24"]
[Round "7"]
[White "Berczes, David"]
[Black "Rohan, Ahuja"]
[Result "1/2-1/2"]
[WhiteElo "2461"]
[BlackElo "2380"]
[Annotator "TA"]
[PlyCount "40"]
[EventDate "2019.03.20"]
[EventType "tourn"]
[EventCountry "USA"]
[SourceTitle "playchess.com"]
[Source "ChessBase"]
[SourceQuality "1"]

{[%evp 18,40,40,39,37,39,43,10,31,-3,13,19,27,-2,20,18,67,7,11,0,0,0,10,-25,0]} 1. c4 g6 2. e4 e5 3. d4 Nf6 4. Nf3 exd4 5. e5 Ne4 6. Qxd4 {A10: English Opening: Unusual Replies for Black} Bb4+ 7. Kd1 f5 8. exf6 Nxf6 9. Bh6 Nc6 10. Qe3+ {LiveBook: 3 Games} Kf7 11. c5 {[#] Threatening mate with Bc4+.} d5 $1 {Threatens to win with ...Ng4.} 12. cxd6 cxd6 {[%cal Bc7d6,Bd6d5][%mdl 32] Strongly threatening ...Ng4.} 13. Ng5+ $146 Kg8 {aiming for ...Ng4.} 14. h3 d5 $1 15. Nd2 Qe7 (15... a6 {with more complications.} 16. Bd3 Bf8 17. Bxf8 Kxf8 18. Nb3 Kg7) 16. Qxe7 Bxe7 17. Bd3 (17. Bb5 $14) 17... Bd7 $11 18. Ngf3 Kf7 19. Ng5+ Kg8 20. Ngf3 Kf7 {Precision: White = 42%, Black = 69%.} 1/2-1/2

[Event "CCCSA Spring GM Invitational 2019"]
[Site "Charlotte"]
[Date "2019.03.21"]
[Round "7"]
[White "Jacobson, Brandon"]
[Black "Yoo, Christopher Woojin"]
[Result "1-0"]
[WhiteElo "2455"]
[BlackElo "2426"]
[Annotator "TA"]
[PlyCount "147"]
[EventDate "2019.03.20"]
[EventType "tourn"]
[EventCountry "USA"]
[SourceTitle "playchess.com"]
[Source "ChessBase"]
[SourceQuality "1"]

{[%evp 12,147,37,21,46,37,41,45,39,40,43,40,54,10,46,8,15,23,18,0,0,0,0,0,22,12,19,21,39,38,26,0,30,41,41,17,45,49,55,38,57,30,30,20,31,23,42,30,37,23,56,41,59,47,62,38,70,0,45,0,146,64,69,64,108,100,129,65,127,48,87,63,93,99,97,91,73,78,150,126,126,126,126,126,126,122,126,126,121,134,119,65,127,45,52,35,35,35,35,31,107,107,147,110,149,148,145,137,642,642,626,620,613,211,630,599,564,522,564,560,553,553,516,336,479,432,146,114,29971,29971,29971,29964,29984,29985,29989,29990,29992,29993]} 1. c4 Nf6 2. Nc3 g6 3. e4 d6 4. d4 Bg7 5. h3 O-O 6. Be3 c5 7. Nf3 Qa5 {...Nxe4 is the strong threat. E90: King's Indian: Classical: Early deviations and 6 h3} (7... cxd4 8. Nxd4 Nc6 9. Be2 Bd7 10. O-O Nxd4 11. Bxd4 Bc6 12. Qc2 a5 13. Rad1 Nd7 14. Bxg7 Kxg7 15. Bg4 Ne5 16. c5 Nxg4 17. hxg4 Qc8 18. cxd6 Qxg4 19. dxe7 Rfe8 {1-0 (43) Cheparinov,I (2711)-Amin,B (2709) Zagreb 2018}) 8. Bd3 cxd4 9. Nxd4 Nc6 {White is slightly better.} 10. O-O Nd7 11. Be2 Nc5 12. f4 $146 ({Predecessor:} 12. Nb3 Nxb3 13. axb3 Qd8 {½-½ (31) Cvitan,O (2505)-Brodsky,M (2485) Katowice 1992}) 12... Qd8 13. Bf3 Nxd4 14. Bxd4 e5 15. fxe5 Ne6 16. Be3 Bxe5 17. Qe1 Nd4 {aiming for ...Nc2.} 18. Qd2 Nxf3+ 19. Rxf3 Be6 20. b3 Qa5 21. Bd4 (21. Rc1 {is interesting.} a6 22. a4 Qb4 23. Bd4 f6 24. Rd3) 21... a6 (21... b5 $5) 22. Bxe5 dxe5 23. Qf2 Rac8 24. Rd1 Qc5 25. Qxc5 Rxc5 26. a4 Rfc8 27. Rfd3 Kf8 28. g4 h6 29. Kf2 Ke7 30. Ke3 R8c6 31. Kd2 Rc7 32. Rf1 R7c6 33. Rf2 Rc8 34. Kd1 (34. Nd5+ $14 Bxd5 35. Rxd5) 34... R8c6 35. Kd2 Rb6 {[#]} (35... Rc8 $11) 36. Kc2 (36. Nd5+ $1 $16 Bxd5 37. exd5 (37. cxd5 Rc8 $14)) 36... Rbc6 $14 37. Kb2 Rb6 {And now ...Bxc4 would win.} 38. Ka3 Rbc6 39. Kb4 (39. Nd5+ $16 Bxd5 40. exd5 (40. cxd5 Rd6 $16)) 39... b6 (39... a5+ $1 $14 40. Ka3 Rd6 41. Nd5+ Bxd5 42. exd5 (42. cxd5 Rc1 $11) 42... f6) 40. Rfd2 (40. Nd5+ $16 Bxd5 41. exd5 a5+ 42. Kc3) 40... Rc8 41. Ka3 R8c6 42. Rf2 Rd6 43. Nd5+ Bxd5 44. exd5 $16 {[%mdl 4096] Endgame KRR-KRR} a5 ({Black should play} 44... Rc8) 45. Rdf3 f6 46. h4 Rc8 47. Kb2 Kf7 48. Re3 Re8 49. Kc3 Kg7 50. Kd3 Rd7 51. Ke4 (51. h5 $16) 51... Rd6 (51... h5 $1 $14) 52. Ref3 (52. h5 $16) 52... h5 $14 53. gxh5 Rh8 $1 54. hxg6 {Strongly threatening Rh3.} Rxh4+ 55. Ke3 Rg4 (55... Rh5 $14) 56. Rh2 $16 Rxg6 57. Rh5 Rg1 {[#]} 58. Rfh3 $1 Rd8 59. Ke4 Kg6 $2 {[%mdl 8192]} (59... Rg8 $16) 60. Rh6+ $18 Kf7 61. Rh7+ Rg7 62. Kf5 $2 (62. Rxg7+ Kxg7 63. Kf5) 62... Rd6 $2 (62... Rdg8 63. d6 e4 64. Rxg7+ (64. Kxe4 Ke6 $14) 64... Rxg7) 63. Rxg7+ Kxg7 {KR-KR} 64. Rg3+ Kf8 65. b4 axb4 66. Rb3 Ke7 67. Rxb4 Kd7 (67... Rd8 $142 68. Rxb6 Rc8 69. Re6+ (69. Rxf6 Rxc4 70. Ra6 e4 $18) 69... Kd7) 68. Rb3 Kc7 69. Rb2 Kb7 $2 {[%mdl 8192]} (69... Rd8 $16 70. Kxf6 Re8) 70. a5 $1 {[%cal Ba4a5,Ba5b6][%mdl 32] White mates.} Kc7 71. Rxb6 Rxb6 72. axb6+ Kb7 73. c5 Ka6 74. d6 {Accuracy: White = 53%, Black = 26%.} 1-0

[Event "CCCSA Spring GM Invitational 2019"]
[Site "Charlotte"]
[Date "2018.02.24"]
[Round "7"]
[White "Ostrovskiy, Aleksandr"]
[Black "Ringoir, Tanguy"]
[Result "1/2-1/2"]
[WhiteElo "2453"]
[BlackElo "2510"]
[Annotator "TA"]
[PlyCount "40"]
[EventDate "2019.03.20"]
[EventType "tourn"]
[EventCountry "USA"]
[SourceTitle "playchess.com"]
[Source "ChessBase"]
[SourceQuality "1"]

{[%evp 21,40,9,29,0,10,0,28,27,33,20,27,0,8,-50,23,0,0,0,16,20,16]} 1. e4 e5 2. Nf3 Nc6 3. Bb5 {[%cal Bf1b5,Bb5a4,Ba4b3,Bb3a2][%mdl 32]} a6 4. Ba4 Nf6 5. O-O Be7 6. d3 b5 7. Bb3 d6 8. a3 {C84: Closed Ruy Lopez: Unusual White 6th moves} (8. a4 b4 9. a5 O-O 10. Be3 h6 11. Nbd2 Re8 12. c3 Bf8 13. h3 Rb8 14. Re1 bxc3 15. bxc3 d5 16. Qc2 Be6 {0-1 (50) Grischuk,A (2772)-Ding,L (2777) Riadh 2017}) 8... Na5 9. Ba2 c5 10. Nc3 Be6 11. Bg5 c4 {LiveBook: 7 Games} 12. b4 cxb3 $1 13. cxb3 b4 14. axb4 Nc6 15. d4 $146 {[#] Hoping for d5.} ({Predecessor:} 15. b5 axb5 16. Bxf6 Bxf6 {1-0 (60) Havasi,G (2372)-Kozak,A (2364) Budapest 2016}) 15... Bg4 16. Be3 O-O 17. Rc1 (17. d5 $11 Nxb4 18. Bb1) 17... Rb8 ({Black should try} 17... Bxf3 $15 18. gxf3 Nxb4) 18. b5 axb5 {The position is equal.} 19. Ne2 Qd7 (19... Bxf3 $5 20. gxf3 Nxd4 21. Nxd4 exd4 22. Bxd4 (22. Qxd4 Qd7 $11) 22... Nh5 $11) 20. d5 Nb4 {Accuracy: White = 35%, Black = 32%.} 1/2-1/2

[Event "CCCSA Spring GM Invitational 2019"]
[Site "Charlotte"]
[Date "2018.02.24"]
[Round "7"]
[White "Korley, Kassa"]
[Black "Patel, Advait"]
[Result "1/2-1/2"]
[WhiteElo "2437"]
[BlackElo "2470"]
[Annotator "TA"]
[PlyCount "70"]
[EventDate "2019.03.20"]
[EventType "tourn"]
[EventCountry "USA"]
[SourceTitle "playchess.com"]
[Source "ChessBase"]
[SourceQuality "1"]

{[%evp 13,70,38,60,27,54,23,37,5,10,-6,29,0,23,-8,-10,-9,-6,-6,22,18,28,22,10,16,74,0,0,0,3,5,9,-2,0,7,80,68,88,77,70,-7,15,0,0,0,8,0,0,0,8,-10,-23,-58,0,0,0,0,0,0,0]} 1. d4 Nf6 2. c4 g6 3. Nc3 Bg7 4. e4 d6 5. f3 O-O 6. Nge2 c5 7. Be3 Nc6 8. Qd2 {E81: King's Indian: Sämisch: 6th move deviations (including 6 Be3 c6)} (8. d5 Ne5 9. Ng3 h5 10. Be2 h4 11. Nf1 e6 12. Bg5 h3 13. Ne3 hxg2 14. Nxg2 exd5 15. Nxd5 Be6 16. Ngf4 Re8 17. h4 Ned7 {1-0 (37) Matlakov,M (2730)-Can,E (2604) Heraklio 2017}) 8... Nd7 9. O-O-O a6 10. dxc5 {White is slightly better.} Nxc5 $146 ({Predecessor:} 10... dxc5 11. Bh6 b5 12. Bxg7 Kxg7 13. h4 b4 14. Nd5 e6 {0-1 (25) Mladenovic,A (1745)-Starcevic,G (2200) Belgrade 2010}) 11. Nd4 {And now Nxc6 would win.} Bd7 12. Nxc6 Bxc6 13. Bd4 Bxd4 14. Qxd4 {[#]} b5 $1 {[%mdl 512]} 15. h4 $1 (15. cxb5 axb5) 15... Qa5 {Threatening ...b4.} 16. Kb1 Rfb8 17. Nd5 Rb7 18. h5 $36 {[%mdl 2048] Black must now prevent b4. White fights for an advantage.} Ne6 (18... g5 $1 $11 {remains equal.}) 19. Qd2 (19. Qe3 $16) 19... Qxd2 $11 20. Rxd2 b4 21. hxg6 fxg6 22. g3 Rf8 23. Bg2 $1 g5 (23... Nc5 $11 {keeps the balance.}) 24. e5 dxe5 {[#]} 25. Re1 $1 Ng7 26. f4 ({White should play} 26. Rxe5 $14 e6 27. Ne3) 26... gxf4 27. gxf4 e6 28. Nf6+ {[%mdl 64] Discovered Attack} Rxf6 29. Bxc6 Rc7 30. fxe5 Rf8 31. Ba4 Rxc4 32. Bb3 Rc5 (32... Rcf4 $1 $15) 33. Rd7 {Strongly threatening Rg1.The position is equal.} Rf7 34. Rd8+ Rf8 35. Rd7 {aiming for Rg1.} Rf7 {Accuracy: White = 46%, Black = 42%.} 1/2-1/2

[Event "CCCSA Spring GM Invitational 2019"]
[Site "Charlotte"]
[Date "2018.02.24"]
[Round "7"]
[White "Gauri, Shankar"]
[Black "Arribas Lopez, Angel"]
[Result "1/2-1/2"]
[WhiteElo "2378"]
[BlackElo "2443"]
[Annotator "TA"]
[PlyCount "41"]
[EventDate "2019.03.20"]
[EventType "tourn"]
[EventCountry "USA"]
[SourceTitle "playchess.com"]
[Source "ChessBase"]
[SourceQuality "1"]

{[%evp 28,41,0,-8,8,0,0,0,0,0,0,0,0,0,7,7]} 1. d4 d5 2. c4 c6 3. cxd5 cxd5 4. Nc3 Nc6 5. Nf3 Nf6 6. Bf4 Bf5 7. e3 e6 8. Bd3 Bxd3 9. Qxd3 Bd6 10. Bxd6 Qxd6 11. O-O O-O 12. Rfc1 Rfc8 13. h3 h6 14. Ne2 {D14: Slav Defence: Exchange variation with ...Bf5} (14. Nd2 Nd7 15. Ne2 Rc7 16. a3 Rac8 17. Rc3 Ne7 18. Rac1 Rxc3 19. Rxc3 Rxc3 20. Qxc3 Qc6 21. Kf1 Kf8 22. Qxc6 Nxc6 23. Nc3 Ke7 24. Ke2 a6 25. Kd3 Kd6 26. f4 f5 27. Ne2 Nf6 {½-½ (27) Li,C (2720)-Bu,X (2705) Doha 2016}) 14... Ne7 15. a3 {LiveBook: 3 Games. The position is equal.} Nd7 $146 ({Predecessor:} 15... Rxc1+ 16. Rxc1 Rc8 17. Rxc8+ Nxc8 18. Qc2 Ne7 19. Ne5 a6 20. Nd3 Nd7 21. Qb3 Qc6 {½-½ (30) Nguyen,V (2445)-Dao,T (2482) Hanoi 2014}) 16. Rxc8+ Rxc8 17. Rc1 Rc6 18. Rxc6 Qxc6 19. Qc3 Qxc3 20. Nxc3 Nc6 21. Kf1 1/2-1/2

[Event "CCCSA Spring GM Invitational 2019"]
[Site "Charlotte"]
[Date "2019.03.21"]
[Round "7"]
[White "Ezra Paul Chambers"]
[Black "Jacobson, Aaron"]
[Result "0-1"]
[WhiteElo "2334"]
[BlackElo "2318"]
[Annotator "TA"]
[PlyCount "107"]
[EventDate "2019.03.20"]
[EventType "tourn"]
[EventCountry "USA"]
[SourceTitle "playchess.com"]
[Source "ChessBase"]
[SourceQuality "1"]

{[%evp 25,107,4,14,7,1,0,10,0,-16,-71,-81,-191,-52,-58,-19,-18,-21,-57,-52,-57,-64,-70,-63,-58,-27,-47,-20,-28,-27,-76,-47,-81,-66,-72,-24,-46,0,-56,-23,-18,-25,-53,-52,-52,-35,-52,-52,-71,-52,-72,-52,-72,-72,-80,-80,-80,-80,-80,-80,-80,-80,-97,-80,-80,-80,-111,-111,-108,-96,-122,-122,-122,-122,-122,-122,-122,-122,-122,-122,-29970,-29971,-29975,-29972,-29978]} 1. Nf3 d5 2. d4 Nf6 3. c4 e6 4. Nc3 Be7 5. Bg5 h6 6. Bxf6 Bxf6 7. e3 O-O 8. Qc2 c5 9. dxc5 Qa5 10. cxd5 exd5 11. Be2 Qxc5 12. O-O Nc6 13. Rac1 Qa5 14. Rfd1 {D55: Queen's Gambit Declined: 4 Bg5 Be7: Lines without ...h6 and 6...h6 7 Bxf6} (14. Qb3 Ne7 15. Rfd1 Be6 16. Nd4 Bxd4 17. Rxd4 Nc6 18. Ra4 Qc5 19. Qb5 Qxb5 20. Bxb5 Rfc8 21. Bxc6 bxc6 {½-½ (45) Xu,Y (2523)-Andreikin,D (2736) China 2016}) 14... Be6 15. a3 a6 $146 ({Predecessor:} 15... Rac8 16. Nd4 Nxd4 17. exd4 b5 18. Qd2 Bd8 19. Ra1 a6 20. Bf3 Bg5 21. Qd3 Rfd8 22. g3 Rc4 {½-½ (22) Diaz,H-Santivanez Montes,M Peru 2000}) 16. Na4 {The position is equal.} Rac8 17. b4 (17. Nc5 $11) 17... Nxb4 $1 $17 18. Qb3 {[#]} (18. axb4 $17 Qxb4 19. Nc5) 18... Nc6 (18... Na2 $1 $19 {[%cal Ra2c1][%mdl 512]} 19. Qxa2 Qxa4) 19. Nc5 Nd8 (19... b5 {looks sharper.} 20. Bd3 Qb6 21. Nxe6 fxe6 22. e4 Nd4) 20. Nxe6 Rxc1 21. Nxf8 Rxd1+ 22. Bxd1 Kxf8 23. a4 Qc5 24. g3 b5 25. Be2 {[%cal Ra4b5]} bxa4 26. Qxa4 a5 27. Bb5 Qb6 28. Kf1 Ne6 29. Be2 $1 Bc3 30. Qd7 {Black must now prevent Qc8+.} Qc5 31. Bb5 ({White should play} 31. Nh4 $11) 31... g6 32. Bc6 d4 33. exd4 Nxd4 34. Nxd4 Qxd4 35. Qxd4 Bxd4 $11 {[%mdl 4096] Endgame KB-KB} 36. Ke2 Ke7 37. f3 f6 38. Kd3 Bg1 39. h3 Bh2 40. g4 Kd6 41. Be8 g5 $1 42. Kc4 Bg3 43. Bb5 Be1 44. Kd4 Bf2+ 45. Kc4 Ke5 46. Bc6 Kf4 47. Be4 Kg3 48. Kb5 {[#]} Be1 $1 49. Ka4 Kxh3 50. Bg6 Kg3 51. Be4 Kf4 {Threatens to win with ...f5!} 52. Kb5 $2 {[%mdl 8192] [#]} (52. Bc6 $17) 52... f5 $1 53. Bxf5 {[#]} h5 $1 {[%cal Rh5h4]} 54. gxh5 {Accuracy: White = 26%, Black = 61%.} 0-1

[Event "CCCSA Spring GM Invitational 2019"]
[Site "Charlotte"]
[Date "2018.02.24"]
[Round "7"]
[White "Martin Del Campo C., Roberto"]
[Black "Stremavicius, Titas"]
[Result "1/2-1/2"]
[WhiteElo "2298"]
[BlackElo "2472"]
[Annotator "TA"]
[PlyCount "42"]
[EventDate "2019.03.20"]
[EventType "tourn"]
[EventCountry "USA"]
[SourceTitle "playchess.com"]
[Source "ChessBase"]
[SourceQuality "1"]

{[%evp 23,42,0,5,4,2,0,2,0,0,0,3,0,0,0,0,0,0,0,0,0,0]} 1. d4 d5 2. c4 c6 3. cxd5 cxd5 4. Nc3 Nf6 5. Nf3 Nc6 6. Bf4 Bf5 7. e3 e6 8. Bd3 Bxd3 9. Qxd3 Bd6 10. Bxd6 Qxd6 11. O-O O-O 12. Rfc1 Rfc8 {The position is equal.} 13. Qd1 {D14: Slav Defence: Exchange variation with ...Bf5} Qd8 14. Ne2 Ne7 15. Rxc8 Rxc8 16. Rc1 Rxc1 17. Qxc1 Qc8 18. Qxc8+ Nxc8 {[#]} 19. Nc3 $146 Nd6 20. Kf1 Kf8 21. Ke2 Ke7 1/2-1/2